000 00605nam a22001937a 4500
005 20260602100805.0
010 _aENG-148701
020 _a9789389624694
_c325.00
035 _aEN-132233
037 _bDBAD
082 _aS
100 _aNazmi, Ayaz Rasool
_989246
245 _aThe Isle of Fantasy/
_cAyaz Rasool Nazmi
250 _a1
260 _bVishwakarma Publications
_c2024
_aMaharashtra
270 _a34A/1, Suyog Center, 7th floor, Gultekedi Marketyard Road, Giridhar Bhavan Chowk,
_e411037
_bPune
_minfo@vpindia.co.in
_k9168682200
300 _a214p.
_c21cm (pb)
942 _2ddc
_cEN
_hS
_mNAZ
999 _c216438
_d216438